Alberto Durero (notice nᵒ 9531)
[ vue normale ]
| 000 -Sello discográfico | |
|---|---|
| campo de control de longitud fija | 01185nam a2200373 4500 |
| 005 - Identificación de versión | |
| campo de control | 20251016085208.0 |
| 035 ## - Otros números de control del sistema | |
| Número de control del sistema | 10949 |
| 099 ## - fechas locales | |
| Tipo de ítem Koha | LIBRO |
| 100 ## - Datos de procesamiento general | |
| Datos de procesamiento general | 20030804d1970 m y1spay5003 ba |
| 101 1# - Idioma del recurso | |
| Idioma del texto, banda sonora, etc. | Español; Castellano |
| Idioma de la obra original | Francés |
| 105 ## - Campo de datos codificados: Material textual, monográfico | |
| Datos codificados de monografía | a 001zy |
| 200 1# - Título y mención de responsabilidad | |
| Título propio | Alberto Durero |
| Designación general del material | texto impreso |
| Primer mención de responsabilidad | Selección de las ilustraciones y redacción de los pies de grabados por Martin Brons |
| Declaración de responsabilidad subsiguiente | compilación de los textos Matthias Mende |
| -- | traducción, Carlos Gerhard |
| 210 ## - Publicación, distribución, etc. | |
| Lugar de publicación, distribución, etc. | México |
| Nombre del editor, distribuidor, etc. | Fondo de Cultura Económica |
| Fecha de publicación, distribución, etc. | 1970 |
| 215 ## - Descripción física | |
| Designación de material específico y extensión del ítem | 80 p |
| Otras características físicas | il. |
| Dimensiones | 27 cm |
| 318 ## - Nota de acción | |
| Acción | No se presta a domicilio |
| 345 ## - Nota de información de adquisición | |
| Fuente de adquisición/dirección de la suscripción [OBSOLETO] | Donación |
| 600 ## - Nombre personal usado como materia | |
| Elemento de entrada | Durero |
| Parte del nombre distinta del elemento de entrada | Alberto |
| Fechas | 1471-1528 |
| Subdivisión temática | Crítica e interpretación |
| Número Koha | 15903 |
| 606 ## - Término temático usado como materia | |
| Elemento de entrada | Pintores franceses |
| Subdivisión cronológica | Siglo XVI |
| Número Koha | 15904 |
| 676 ## - Clasificación Decimal Dewey | |
| Número | R759.943 B869a |
| 700 ## - Nombre personal - Responsabilidad primaria | |
| Elemento de entrada | Dürer |
| Parte del nombre distinta del elemento de entrada | Albrecht |
| Fechas | 1471-1528 |
| Número Koha | 15905 |
| 702 ## - Nombre personal - Responsabilidad secundaria | |
| Elemento de entrada | Brons |
| Parte del nombre distinta del elemento de entrada | Martin |
| Número Koha | 15906 |
| 702 ## - Nombre personal - Responsabilidad secundaria | |
| Elemento de entrada | Gerhard |
| Parte del nombre distinta del elemento de entrada | Carlos |
| Fechas | 1899-1976 |
| Número Koha | 9574 |
| 801 #0 - Fuente de origen | |
| Agencia | cm |
| 900 ## - | |
| -- | 1/4122 |
| 900 ## - | |
| -- | 7100315869\040803 |
| 942 ## - ELEMENTOS DE ENTRADA SECUNDARIOS (KOHA) | |
| Tipo de ítem Koha | Livre |
Pas d'exemplaire disponible.